000 00716nam a2200265Ia 4500
003 OSt
005 20220912151546.0
006 a|||||r|||| 00| 0
007 ta
008 220909b |||||||| |||| 00| 0 eng d
024 _a31687
037 _cTextual
040 _aCSL
_beng
_cCSL
041 _aeng
082 _aC9B36, M9
100 _aPuglist Mario Ed.
245 0 _aNew techniques for future accelerator II
260 _aNew York
_b Plenum Press
_c1989
300 _a366p.
_ccm.
650 _a Particle physics
650 _aPhysics
700 _a Stipcich Stanslao Ed.
942 _hC9B36, M9
_cTEXL
_2CC
999 _c71342
_d71342